[Event "FRA-chT2 0304"]
[Site "France"]
[Date "2003.10.12"]
[Round "?"]
[White "Bourquin, Stephane"]
[Black "Olivier, Philippe"]
[Result "1-0"]
[WhiteElo "2214"]
[BlackElo "2135"]
[PlyCount "67"]
[EventDate "2003.10.??"]
[EventType "team"]
[EventRounds "11"]
[EventCountry "FRA"]
[SourceTitle "EXT 2005"]
[Source "ChessBase"]
[SourceDate "2004.11.15"]
[SourceVersion "1"]
[SourceVersionDate "2004.11.15"]
[SourceQuality "1"]

1. e4 e6 2. d4 d5 3. Nc3 Bb4 4. e5 Ne7 5. a3 Bxc3+ 6. bxc3 c5 7. Qg4 Kf8 8. Bd2 b6 9. Bd3 Ba6 10. h4 Bxd3 11. cxd3 Nbc6 12. h5 h6 13. Ne2 Qd7 14. Rh3 cxd4 15. cxd4 Kg8 16. Qf4 f5 17. exf6 Rf8 18. fxg7 Rxf4 19. gxh8Q+ Kxh8 20. Bxf4 Kh7 21. Rc1 Nf5 22. g4 Nd6 23. Rf3 Nb5 24. Be3 Nxa3 25. Rf6 Nb5 26. Rxh6+ Kg8 27. Rg6+ Kh7 28. g5 a5 29. Rf6 Nd6 30. h6 e5 31. g6+ Kg8 32. h7+ Kg7 33. Bh6+ Kxf6 34. h8Q+ 1-0

[Event "FRA-chT2O 0203"]
[Site "France"]
[Date "2002.12.08"]
[Round "4.3"]
[White "Benitah, Yohan"]
[Black "Bourquin, Stephane"]
[Result "1-0"]
[WhiteElo "2341"]
[BlackElo "2217"]
[PlyCount "81"]
[EventDate "2002.10.??"]
[EventType "team"]
[EventRounds "11"]
[EventCountry "FRA"]
[SourceTitle "EXT 2004"]
[Source "ChessBase"]
[SourceDate "2003.11.25"]
[SourceVersion "1"]
[SourceVersionDate "2003.11.25"]
[SourceQuality "1"]
[WhiteTeam "Lyon Olympique"]
[BlackTeam "Besancon"]
[WhiteTeamCountry "FRA"]
[BlackTeamCountry "FRA"]

1. d4 Nf6 2. c4 g6 3. Nc3 Bg7 4. e4 d6 5. f3 0-0 6. Bg5 c5 7. d5 h6 8. Be3 e6 9. Nge2 exd5 10. cxd5 b6 11. Ng3 Ba6 12. Nb5 Bxb5 13. Bxb5 a6 14. Be2 b5 15. a4 Nbd7 16. 0-0 bxa4 17. Rxa4 a5 18. Qd2 h5 19. Rfa1 h4 20. Nf1 Nh5 21. Rxa5 Rxa5 22. Rxa5 f5 23. exf5 gxf5 24. Bg5 Qc7 25. Ra6 Ne5 26. Bxh4 f4 27. Bf2 Rb8 28. g4 Nf6 29. Qxf4 Rxb2 30. Ra8+ Kf7 31. Ng3 Qb7 32. Ra3 Kg8 33. Qa4 Nxd5 34. Qe8+ Kh7 35. Bd3+ Nxd3 36. Qe4+ Kh8 37. Rxd3 Rb1+ 38. Kg2 Nf6 39. Qxb7 Rxb7 40. Rxd6 Rc7 41. Nf5 1-0

[Event "FRA-chT2O 0203"]
[Site "France"]
[Date "2002.11.17"]
[Round "3.6"]
[White "Rapinel, Franck"]
[Black "Bourquin, Stephane"]
[Result "1/2-1/2"]
[WhiteElo "2201"]
[BlackElo "2217"]
[PlyCount "139"]
[EventDate "2002.10.??"]
[EventType "team"]
[EventRounds "11"]
[EventCountry "FRA"]
[SourceTitle "EXT 2004"]
[Source "ChessBase"]
[SourceDate "2003.11.25"]
[SourceVersion "1"]
[SourceVersionDate "2003.11.25"]
[SourceQuality "1"]
[WhiteTeam "Chalons en Champagne"]
[BlackTeam "Besancon"]
[WhiteTeamCountry "FRA"]
[BlackTeamCountry "FRA"]

1. e4 c5 2. Nf3 e6 3. d3 Nc6 4. g3 g6 5. Bg2 Bg7 6. 0-0 b5 7. c3 Rb8 8. Be3 d6 9. d4 cxd4 10. Nxd4 Ne5 11. Nd2 Qc7 12. Qe2 Bd7 13. f4 Nc4 14. Nxc4 bxc4 15. f5 e5 16. Nf3 Nf6 17. Nh4 Bc6 18. Bg5 Nd7 19. fxg6 hxg6 20. Rxf7 Kxf7 21. Qxc4+ d5 22. exd5 Qb6+ 23. Kh1 Bb5 24. Qg4 Nf8 25. Be4 Qf2 26. Bxg6+ Kg8 27. Qf5 Qxf5 28. Bxf5 Bc4 29. Rd1 Rxb2 30. d6 Be6 31. d7 Bxd7 32. Bxd7 Nxd7 33. Rxd7 Rxa2 34. Be3 a5 35. Ra7 e4 36. Ra8+ Kh7 37. Ra7 Rf8 38. Bf4 e3 39. Bxe3 Rf1+ 40. Bg1 Raa1 41. Kg2 Rxg1+ 42. Kh3 Rgf1 43. Kg4 Kg8 44. Nf5 Rxf5 45. Kxf5 Rf1+ 46. Kg6 Bxc3 47. h4 Rf6+ 48. Kg5 Rf7 49. Ra8+ Kg7 50. Ra6 Rc7 51. h5 Rc5+ 52. Kg4 Bd2 53. Ra7+ Kf8 54. Rd7 Bc1 55. Ra7 Rc4+ 56. Kf5 a4 57. Ra5 Kg7 58. Ra6 Rc5+ 59. Kg4 a3 60. Ra7+ Kf8 61. Ra8+ Kf7 62. Ra7+ Kf6 63. Ra6+ Ke5 64. h6 Rc4+ 65. Kh5 Rc2 66. h7 Rh2+ 67. Kg6 Kd5 68. Kg7 Bb2+ 69. Kg8 Kc4 70. Rxa3 1/2-1/2

[Event "FRA-chT2O 0203"]
[Site "France"]
[Date "2002.11.16"]
[Round "2.5"]
[White "Bourquin, Stephane"]
[Black "Lohou, Stephane"]
[Result "1-0"]
[WhiteElo "2217"]
[BlackElo "2163"]
[PlyCount "80"]
[EventDate "2002.10.??"]
[EventType "team"]
[EventRounds "11"]
[EventCountry "FRA"]
[SourceTitle "EXT 2004"]
[Source "ChessBase"]
[SourceDate "2003.11.25"]
[SourceVersion "1"]
[SourceVersionDate "2003.11.25"]
[SourceQuality "1"]
[WhiteTeam "Besancon"]
[BlackTeam "Vincennes"]
[WhiteTeamCountry "FRA"]
[BlackTeamCountry "FRA"]

1. e4 c5 2. Nf3 e6 3. c4 a6 4. Nc3 Nc6 5. Be2 Nf6 6. 0-0 Qc7 7. d4 cxd4 8. Nxd4 Be7 9. Be3 0-0 10. Rc1 d6 11. Nd5 exd5 12. cxd5 Bd7 13. dxc6 bxc6 14. Qc2 Rfc8 15. Nf3 h6 16. h3 Qb7 17. Nd2 c5 18. f3 Be6 19. f4 Rab8 20. b3 Bd7 21. Bf3 Bc6 22. g4 Re8 23. g5 hxg5 24. fxg5 Nd7 25. Bg2 Bf8 26. g6 fxg6 27. Rf4 Nf6 28. Rcf1 g5 29. Rxf6 gxf6 30. Rxf6 Re5 31. Rg6+ Bg7 32. Rxd6 Rc8 33. Qc4+ Qf7 34. Qxf7+ Kxf7 35. Nf3 Bxe4 36. Nxe5+ Bxe5 37. Rd7+ Ke6 38. Bxe4 Kxd7 39. Bf5+ Kc7 40. Bxc8 Kxc8 1-0